Statistics for 2022-2023 NHL players with most points in their team

Click here to take the quiz!

General Stats

  • This quiz has been taken 114 times
  • The average score is 24 of 32

Answer Stats

HintAnswer% Correct
Edmonton OilersConnor McDavid
94%
Boston BruinsDavid Pastrnak
89%
New Jersey DevilsJack Hughes
89%
Pittsburgh PenguinsSidney Crosby
89%
Los Angeles KingsAnze Kopitar
88%
Buffalo SabresTage Thompson
88%
New York RangersArtemi Panarin
86%
Toronto Maple LeafsMitchell Marner
86%
Anaheim DucksTrevor Zegras
86%
Washington CapitalsAlexander Ovechkin
85%
Dallas StarsJason Robertson
85%
Tampa Bay LightningNikita Kucherov
85%
Florida PanthersMatthew Tkachuk
84%
Colorado AvalancheNathan MacKinnon
84%
Minnesota WildKirill Kaprizov
82%
Arizona CoyotesClayton Keller
81%
Montreal CanadiensNick Suzuki
81%
Nashville PredatorsRoman Josi
81%
Vancouver CanucksElias Pettersson
80%
Detroit Red WingsDylan Larkin
78%
Columbus Blue JacketsJohnny Gaudreau
69%
San Jose SharksErik Karlsson
68%
Vegas Golden KnightsJack Eichel
67%
Winnipeg JetsKyle Connor
62%
Seattle KrakenJared McCann
59%
Ottawa SenatorsTim Stutzle
59%
New York IslandersBrock Nelson
56%
St. Louis BluesJordan Kyrou
52%
Carolina HurricanesMartin Necas
52%
Calgary FlamesTyler Toffoli
52%
Philadelphia FlyersTravis Konecny
46%
Chicago BlackhawksAndreas Athanasiou
28%

Score Distribution

Percentile by Number Answered

Percent of People with Each Score

Your Score History

You have not taken this quiz